000 00384nam a2200145Ia 4500
008 230711s9999||||xx |||||||||||||| ||und||
041 _aENG
082 _a720
_bBR-I
100 _aBrown,Percy
245 0 _aIndian Architecture: Buddhist and Hindu periods
250 _a1st . . . . Ed.
260 _c1956
_aMumbai
_bD. B. Taraporevala Publications
650 _aArchitecture
942 _cBK
999 _c297
_d297